| 000 | 00710cam a2200241 4500500 | ||
|---|---|---|---|
| 005 | 20260405003506.0 | ||
| 041 | _afre | ||
| 042 | _adc | ||
| 100 | 1 | 0 |
_aMorel, François _eauthor |
| 245 | 0 | 0 | _aConseil n° 17. N’abandonnons pas la connerie aux seuls automobilistes ! |
| 260 | _c2022. | ||
| 500 | _a79 | ||
| 690 | _aColère | ||
| 690 | _aFrançois Morel | ||
| 690 | _aHumeur | ||
| 690 | _aHumour | ||
| 690 | _aRire | ||
| 690 | _aurbanisme | ||
| 690 | _aVivre ensemble | ||
| 690 | _aVoiture | ||
| 786 | 0 | _nPhilosophie magazine | 158 | 4 | 2022-04-01 | p. 79-79 | 1951-1787 | |
| 856 | 4 | 1 | _uhttps://shs.cairn.info/magazine-philosophie-magazine-2022-4-page-79?lang=fr&redirect-ssocas=7080 |
| 999 |
_c2068064 _d2068064 |
||